Overwatch Voice Line Quiz EASY - Statistics

General Stats
  • This quiz has been taken 354 times
  • The average score is 8 of 11
Answer Stats
Hint Answer % Correct
i am Mother Russia Zarya
99%
Did somebody say peanut butter? Winston
95%
I am the rocket queen Pharah
94%
The world could always use more heroes Tracer
84%
Ah i see you Widowmaker
83%
A speedy recovery Mercy
82%
Boosters Engaged dva
73%
Enemy turret jst blew up! Junkrat
72%
Aligning defence system Symmetra
55%
Blacking them off Mei
48%
Call that a fair fight? McCree
47%
No matching quizzes found
Score Distribution
Percent of People with Each Score
Percentile by Number Answered
Your Score History
You have not taken this quiz